000
00317nam a22001337a 4500
008
181106b xxu||||| |||| 00| 0 eng d
020
_a
019504035-X
041
_a
eng
080
_2
5th
_a
615
100
_a
5
101
_a
FAR
245
_a
The Biochemical Basis of Neuropharmacology
_c
Cooper,J.R
942
_2
udc
_c
BK
999
_c
51993
_d
51993